000 00334 a2200109 4500
001 ART_17865
005 20260410161701.0
008 260409a
245 1 0 _aUn modelo para la administración de reservas internacionales
100 1 _aMantel, Rolf R.
773 0 _tEnsayos Económicos
_g- Nº 8 (dic. 1978)
_wREV620
999 _c15166
_d15166